|
|
|
|
| LEADER |
00000nam2a2200000 4500 |
| 001 |
52753 |
| 005 |
20231101211403.0 |
| 010 |
|
|
|a 5896020074
|
| 035 |
|
|
|a (RuTPU)RU\TPU\book\55296
|
| 035 |
|
|
|a RU\TPU\book\8510
|
| 090 |
|
|
|a 52753
|
| 100 |
|
|
|a 20030605d1998 m y0rusy50 ca
|
| 101 |
0 |
|
|a rus
|
| 102 |
|
|
|a RU
|
| 105 |
|
|
|a y j 000zy
|
| 200 |
0 |
|
|a Т. 2
|
| 210 |
|
|
|d 1998
|
| 215 |
|
|
|a 544 с.
|
| 461 |
|
1 |
|0 (RuTPU)RU\TPU\book\55294
|t Дифференциальное и интегральное исчисления
|o Учебное пособие для втузов
|o В 2 т.
|f Н. С. Пискунов
|v Т. 2
|e Изд. стер.
|d 1997-
|
| 606 |
|
|
|a Дифференциальное исчисление
|2 stltpush
|3 (RuTPU)RU\TPU\subj\9686
|9 36870
|
| 606 |
|
|
|a Интегральное исчисление
|2 stltpush
|3 (RuTPU)RU\TPU\subj\12773
|9 39494
|
| 610 |
1 |
|
|a математика
|
| 610 |
1 |
|
|a интегральные исчисления
|
| 610 |
1 |
|
|a задачи
|
| 610 |
1 |
|
|a примеры
|
| 610 |
1 |
|
|a упражнения
|
| 610 |
1 |
|
|a учебные пособия
|
| 610 |
1 |
|
|a дифференциальные исчисления
|
| 675 |
|
|
|a 517.2(075.8)
|v 3
|
| 675 |
|
|
|a 517.3(075.8)
|v 3
|
| 801 |
|
0 |
|a RU
|b 63413507
|c 20011209
|g PSBO
|
| 801 |
|
2 |
|a RU
|b 63413507
|c 20210416
|g PSBO
|
| 900 |
|
|
|a Математический анализ
|
| 942 |
|
|
|c BK
|